000 005600000a22002290004500
005 20120302055038.0
942 _cBOOK
100 _a Dhere,Ramchandra Chintaaman
245 _a Lokasanskritichi Kshitije
260 _aPune:Vishwakarmaa Saahityalaya,1971.
300 _a24,190p.
040 _aMAR
365 _b8/-
650 _aSanskriti
650 _aLokasanskriti-Kshitijee
650 _aKathaa
650 _aKaaliyaa Mardan
650 _aRenukaamaataa
650 _aNarsimha
650 _aRajasthani Bhatt
650 _aSkandamoorti-Mathuraa
999 _c347329
_d347326